Care Bears Quiz - Statistics

General Stats
  • This quiz has been taken 386 times
  • The average score is 20 of 58
Answer Stats
Answer % Correct
Grumpy Bear
93%
Funshine Bear
89%
Cheer Bear
77%
Tenderheart Bear
76%
Good Luck Bear
74%
Bedtime Bear
71%
Share Bear
71%
Friend Bear
67%
Wish Bear
65%
Love-a-Lot Bear
64%
Brave Heart Lion
63%
Harmony Bear
55%
Birthday Bear
54%
Secret Bear
49%
Bright Heart Raccoon
48%
Champ Bear
46%
Swift Heart Rabbit
42%
Grams Bear
40%
Baby Hugs Bear
39%
Baby Tugs Bear
39%
Cozy Heart Penguin
39%
Gentle Heart Lamb
35%
Laugh-a-Lot Bear
34%
Playful Heart Monkey
34%
True Heart Bear
34%
Daydream Bear
33%
Lotsa Heart Elephant
33%
Loyal Heart Dog
33%
Proud Heart Cat
33%
Perfect and Polite Panda
25%
Surprise Bear
25%
Sweet Dreams Bear
25%
Best Friend Bear
24%
Treat Heart Pig
24%
Amigo Bear
23%
Oopsy Bear
23%
Do Your Best Bear
22%
Thanks-a-Lot Bear
21%
Always There Bear
19%
America Cares Bear
19%
Take Care Bear
19%
Hopeful Heart Bear
18%
Smart Heart Bear
18%
Me Bear
17%
Nibble Heart Horse
17%
Sea Friend Bear
16%
Shine Bright Bear
15%
Too Loud Bear
15%
Heartsong Bear
14%
Play-a-Lot Bear
14%
Messy Bear
13%
Superstar Bear
13%
Pink Power Bear
12%
Work of Heart Bear
11%
All My Heart Bear
10%
I Love You Bear
9%
Sweet Sakura Bear
9%
Great Giving Bear
7%
No matching quizzes found
Score Distribution
Percent of People with Each Score
Percentile by Number Answered
Your Score History
You have not taken this quiz